<?xml version="1.0" encoding="UTF-8"?>
<collection xmlns="http://www.loc.gov/MARC21/slim">
 <record>
  <leader>01426aam a22002058a 4500</leader>
  <controlfield tag="001">NCT_4467</controlfield>
  <controlfield tag="008">080926s2008                  ||||||viesd</controlfield>
  <datafield tag="999" ind1=" " ind2=" ">
   <subfield code="c">225</subfield>
   <subfield code="d">225</subfield>
  </datafield>
  <datafield tag="020" ind1=" " ind2=" ">
   <subfield code="c">118000</subfield>
  </datafield>
  <datafield tag="082" ind1="0" ind2="4">
   <subfield code="2">23rd ed.</subfield>
   <subfield code="a">546</subfield>
   <subfield code="b">V121/T.1</subfield>
  </datafield>
  <datafield tag="100" ind1="1" ind2=" ">
   <subfield code="a">Nguyễn Đức Vận</subfield>
  </datafield>
  <datafield tag="245" ind1="1" ind2="0">
   <subfield code="a">Hoá học vô cơ :</subfield>
   <subfield code="b">Dùng cho sinh viên các trường đại học, cao đẳng và giáo viên THPT, THCS chuyên ngành hoá...</subfield>
   <subfield code="n">Tập 1</subfield>
   <subfield code="p">Các nguyên tố phi kim</subfield>
   <subfield code="c">Nguyễn Đức Vận</subfield>
  </datafield>
  <datafield tag="260" ind1=" " ind2=" ">
   <subfield code="a">H.</subfield>
   <subfield code="b">Khoa học và Kỹ thuật</subfield>
   <subfield code="c">2008</subfield>
  </datafield>
  <datafield tag="300" ind1=" " ind2=" ">
   <subfield code="a">351tr.</subfield>
   <subfield code="b">hình vẽ, bảng</subfield>
   <subfield code="c">27cm</subfield>
  </datafield>
  <datafield tag="520" ind1="3" ind2=" ">
   <subfield code="a">Trình bày tổng quan về nguyên tố phi kim, hidro và các hợp chất hidrua, oxi, ozon, các hợp chất H2O, H2O2, các oxit, các nguyên tố nhóm VIIIA, nhóm VIA, nhóm VA, nhóm IVA, nhóm IIIA</subfield>
  </datafield>
  <datafield tag="942" ind1=" " ind2=" ">
   <subfield code="2">ddc</subfield>
   <subfield code="c">BK</subfield>
  </datafield>
  <datafield tag="952" ind1=" " ind2=" ">
   <subfield code="0">0</subfield>
   <subfield code="1">0</subfield>
   <subfield code="2">ddc</subfield>
   <subfield code="4">0</subfield>
   <subfield code="6">546_000000000000000_V121_T_1</subfield>
   <subfield code="7">0</subfield>
   <subfield code="9">1708</subfield>
   <subfield code="a">000001</subfield>
   <subfield code="b">000001</subfield>
   <subfield code="d">2017-10-18</subfield>
   <subfield code="o">546 V121/T.1</subfield>
   <subfield code="p">MD.01425</subfield>
   <subfield code="r">2017-10-18</subfield>
   <subfield code="v">118000.00</subfield>
   <subfield code="w">2017-10-18</subfield>
   <subfield code="y">BK</subfield>
  </datafield>
  <datafield tag="952" ind1=" " ind2=" ">
   <subfield code="0">0</subfield>
   <subfield code="1">0</subfield>
   <subfield code="2">ddc</subfield>
   <subfield code="4">0</subfield>
   <subfield code="6">546_000000000000000_V121_T_1</subfield>
   <subfield code="7">0</subfield>
   <subfield code="9">1709</subfield>
   <subfield code="a">000001</subfield>
   <subfield code="b">000001</subfield>
   <subfield code="d">2017-10-18</subfield>
   <subfield code="l">1</subfield>
   <subfield code="o">546 V121/T.1</subfield>
   <subfield code="p">MD.01426</subfield>
   <subfield code="r">2017-11-25</subfield>
   <subfield code="s">2017-11-14</subfield>
   <subfield code="v">118000.00</subfield>
   <subfield code="w">2017-10-18</subfield>
   <subfield code="y">BK</subfield>
  </datafield>
  <datafield tag="952" ind1=" " ind2=" ">
   <subfield code="0">0</subfield>
   <subfield code="1">0</subfield>
   <subfield code="2">ddc</subfield>
   <subfield code="4">0</subfield>
   <subfield code="6">546_000000000000000_V121_T_1</subfield>
   <subfield code="7">0</subfield>
   <subfield code="9">1710</subfield>
   <subfield code="a">000001</subfield>
   <subfield code="b">000001</subfield>
   <subfield code="d">2017-10-18</subfield>
   <subfield code="o">546 V121/T.1</subfield>
   <subfield code="p">MD.01427</subfield>
   <subfield code="r">2017-10-18</subfield>
   <subfield code="v">118000.00</subfield>
   <subfield code="w">2017-10-18</subfield>
   <subfield code="y">BK</subfield>
  </datafield>
  <datafield tag="980" ind1=" " ind2=" ">
   <subfield code="a">Thư viện Trường Đại học Nam Cần Thơ</subfield>
  </datafield>
 </record>
</collection>
